Normal view
MARC view
Entry Personal Name
001 - CONTROL NUMBER
- control field: 77471
003 - CONTROL NUMBER IDENTIFIER
- control field: dpl
005 - DATE AND TIME OF LATEST TRANSACTION
- control field: 20250210160209.0
008 - FIXED-LENGTH DATA ELEMENTS
- fixed length control field: 250210|| aca||aabn | a|a d
040 ## - CATALOGING SOURCE
- Original cataloging agency: dpl
- Transcribing agency: dpl
100 ## - HEADING--PERSONAL NAME
- Personal name: Chatterjee ,Roma
670 ## - SOURCE DATA FOUND
- Source citation: Work cat.: (dpl)208968: Anand, Mulk Raj 77470, Madhubani Painting /, 2020
